• 首页
  • 本馆介绍
  • 公告通知
  • 最新文献
  • 馆藏检索
  • 电子资源
  • 读者导购
  • 参考咨询
  • 我的图书馆
  • 登录
  • 详细信息显示
  • 放入我的书架
  • 预约/预借图书
  • 作者相关作品
  • 分类相关作品
  • 丛书相关作品
  • 出版社相关作品

书目信息

  • 表格格式
  • 工作单格式
  • 卡片格式
题名:
深耕课堂 专业成长
    
 
作者: 陈为 主编
分册:  
出版信息: 昆明   云南大学出版社  2022
页数: 430页
开本: 26cm
丛书名:
单 册:
中图分类: G633.202 , G633.2
科图分类:
主题词: 政治课--课堂教学--教学设计--研究--中学
电子资源:
ISBN: 978-7-5482-4423-3
000 00867nam0 2200241 450
001 2367245705
005 20231119184057.46
010    @a978-7-5482-4423-3@dCNY78.00
100    @a20221226d2022 em y0chiy50 ea
101 0  @achi
102    @aCN@b530000
105    @aa z 000yy
200 1  @a深耕课堂 专业成长@Ashen geng ke tang zhuan ye cheng zhang@f陈为主编
210    @a昆明@c云南大学出版社@d2022
215    @a430页@c图@d26cm
300    @a昆明市教育科学院研究“十四五”规划第一批重点课题《指向深度学习的初中道德与法治课堂教学研究》研究成果
330    @a本书共三部分,内容包括:做好教学设计 探索实践路径、深耕课堂教学 研磨典型课例、纪实教学过程 促进教师成长。
606 0  @a政治课@x课堂教学@x教学设计@x研究@x中学
690    @aG633.202@v5
690    @aG633.2@v4
701  0 @a陈为@Achen wei@4主编
801  0 @aCN@b山东中教@c20231119
905    @aBZT@dG633.2@e7
    
    深耕课堂 专业成长/陈为主编.-昆明:云南大学出版社,2022
    430页:图;26cm
    昆明市教育科学院研究“十四五”规划第一批重点课题《指向深度学习的初中道德与法治课堂教学研究》研究成果
    
    ISBN 978-7-5482-4423-3:CNY78.00
    本书共三部分,内容包括:做好教学设计 探索实践路径、深耕课堂教学 研磨典型课例、纪实教学过程 促进教师成长。
●
相关链接 在五车中查询图书 在当当中查询图书 在豆瓣中查询图书


正题名:深耕课堂 专业成长     索取号:G633.2/7         预约/预借

序号 登录号 条形码 馆藏地/架位号 状态 备注
1 2000986103   2000986103   中教第一批/山东中教(第一批)/351/ [索取号:G633.2/7] 在馆    
2 2000986104   2000986104   中教第一批/山东中教(第一批)/351/ [索取号:G633.2/7] 在馆    
3 2000986105   2000986105   中教第一批/山东中教(第一批)/351/ [索取号:G633.2/7] 在馆    
4 2000986106   2000986106   中教第一批/山东中教(第一批)/351/ [索取号:G633.2/7] 在馆    
5 2000986107   2000986107   中教第一批/山东中教(第一批)/351/ [索取号:G633.2/7] 在馆    
6 2000986108   2000986108   中教第一批/山东中教(第一批)/351/ [索取号:G633.2/7] 在馆    
山东省滨州职业学院图书馆 欢迎您!
大连网信软件有限公司© 版权所有